| 000 | 01010cam a2200313 a 4500 | ||
|---|---|---|---|
| 001 | 82746 | ||
| 003 | BD-RjUL | ||
| 005 | 20240123131858.0 | ||
| 008 | 080123s1927 nyu 000 1 eng | ||
| 035 | _a(BD-RjUL)82746 | ||
| 040 |
_aDLC _cDLC _beng |
||
| 041 | _aeng | ||
| 043 | _aa-ii--- | ||
| 100 | 1 |
_aKipling, Rudyard, _d1865-1936. _910791 |
|
| 245 | 1 | 0 |
_aThe naulahka : a story of West and East / _c by Rudyard Kipling.and Wolcott Balestier |
| 260 |
_aLondon : _bmacmilan, _c1950 |
||
| 300 |
_a332 p. ; _c21 cm. |
||
| 490 | 0 | _aThe Mandalay edition of the works of Rudyard Kipling | |
| 561 | _5DLC | ||
| 650 | 0 |
_aIrish _zIndia _vFiction. _911055 |
|
| 650 | 0 |
_aOrphans _vFiction. _95620 |
|
| 650 | 0 |
_aLamas _vFiction. _911056 |
|
| 650 | 0 |
_aBoys _vFiction. _911057 |
|
| 650 | 0 |
_aEast and West _vFiction. _911058 |
|
| 651 | 0 |
_aIndia _vFiction. _911059 |
|
| 700 |
_aBalestier, Wolcott _911060 |
||
| 942 |
_2ddc _cBK |
||
| 999 |
_c82746 _d82746 |
||